| 000 | 00505nam a2200169 a 4500 | ||
|---|---|---|---|
| 005 | 20140412111329.0 | ||
| 008 | 030110s19uu xx 00 eng d | ||
| 020 | _a0-02-686028-7 | ||
| 050 |
_aBB _bCo728 1995 |
||
| 100 | _aNajimy, Norman | ||
| 245 |
_aCome play with me today! / _cstory by Norman Najimy ; illustrations by Mike Krone. |
||
| 260 |
_aU. S. A : _bSRA-Macmillan/McGraw-Hill, _c1995. |
||
| 300 | _a16 p. ; ill. | ||
| 650 | _aCakes--Fiction | ||
| 650 | _aSharing--Fiction | ||
| 999 |
_c104848 _d104848 |
||